=LDR 00000nam 2200000 4500 =001 INLIS000000000017527 =005 20130612112734 =008 ***********************************Ind** =035 ##$$0010-061300000017527 =041 ##$$a Ind =082 ##$$a 711 =090 ##$$a 711, Dim m =245 ##$$a Dimensi keuangan kta teori dan kasus, penyunting, Raldi hendro Koestoer =260 ##$$a 2001 $b Jakarta =300 ##$$a v, 252 hlm, 21 cm =650 ##$$a Pengembangan perkotaan =850 ##$$a NBPNMAT